000
00323 a2200157 4500
001
57577
020
_a
8532245129
040
_c
Anchieta - Pituba
100
_a
Bonjorno, José Roberto
240
1
0
_a
Matemática
_l
por
245
1
0
_a
Matemática
300
_a
430
362
0
_a
2000
650
4
_a
Matemática
942
_c
BK
999
_c
57577
_d
57577